| 000 | 00866pam a2200181 a 4500 | ||
|---|---|---|---|
| 020 | _a0309050669 | ||
| 082 | 0 | 0 |
_a625.76 _bNAT |
| 245 | 0 | 0 |
_aMaintenance management, 1990 : _bproceedings of a workshop, July 25-27, 1990, Jackson, Mississippi. |
| 260 |
_aWashington, D.C. : _bTransportation Research Board, National Research Council, _c1990. |
||
| 300 |
_avii, 128 p. : _bill. ; _c28 cm. |
||
| 490 | 1 | _aTransportation research record ; | |
| 500 | _a"Contains 22 papers presented at the Sixth Maintenance Management Workshop, 'Innovations for maintaining the highway infrastructure in the 1990s,' held in Jackson, Mississippi, July 25-27, 1990"--Foreword. | ||
| 526 |
_a0 _b0 _c0 _d625_760000000000000_NAT |
||
| 650 | 0 |
_aMCE _9379 |
|
| 650 | 0 |
_aRoads _xMaintenance and repair _xManagement. _921272 |
|
| 710 | 2 |
_aNational Research Council (U.S.). _920017 |
|
| 942 |
_2ddc _cBK |
||
| 999 |
_c547540 _d547540 |
||